| 000 | 00422nam a2200205Ia 4500 | ||
|---|---|---|---|
| 001 | 14358 | ||
| 003 | GE_BSU | ||
| 008 | 181216s||||||||xx |||||||||||||| ||und|| | ||
| 020 | _a9780007226580 | ||
| 040 | _cGE_BSU | ||
| 080 | _a821.111-31 | ||
| 100 | _aKoontz,Dean | ||
| 245 | _aBrother odd | ||
| 260 | _aLondon | ||
| 260 | _bHarper | ||
| 260 | _c2006 | ||
| 300 | _a439p.18cm. | ||
| 653 | _aBrother odd | ||
| 942 | _cBK | ||
| 999 |
_c47494 _d47494 |
||